| 000 | 00506nam a22001457a 4500 | ||
|---|---|---|---|
| 082 |
_a624.1821 _bSID |
||
| 100 |
_aSiddiqi Ahmed Zahid, Ch Ali Mahboob, Ashraf Muhammad. _943091 |
||
| 245 | _aLrfd steel design aids in SI units | ||
| 260 |
_aPakistan _bShopping centre University of engineering & Technology Lohore _c1999. |
||
| 526 |
_a0 _b0 _c0 _d624_182100000000000_SID |
||
| 526 |
_a0 _b0 _c0 _d624_182100000000000_SID |
||
| 526 |
_a0 _b0 _c0 _d624_182100000000000_SID |
||
| 650 |
_aMCE _9379 |
||
| 942 |
_2ddc _cBK |
||
| 999 |
_c546893 _d546893 |
||